100 mejores canciones S.XXI según Rolling Stone - Estadísticas

Estadísticas generales
  • Esta prueba ha sido intentada 140 veces
  • La puntuación promedio es 14 de 100
Estadísticas de respuestas
Artista Canción % Correcto
91 Luis Fonsi feat. Daddy Yankee Despacito
64%
8 Adele Rolling in the Deep
63%
15 Gnarls Barkley Crazy
57%
48 Pharrell William Happy
55%
1 Beyoncé feat. Jay Z Crazy in Love
49%
100 Daddy Yankee Gasolina
48%
14 Britney Spears Toxic
46%
52 Sia Chandelier
44%
71 Carly Rae Jepsen Call Me Maybe
43%
20 Amy Winehouse Rehab
41%
51 Beyoncé Single Ladies
41%
4 Outkast Hey Ya
39%
9 Lorde Royals
39%
28 Rihanna feat. Jay-Z Umbrella
35%
45 Justin Bieber Sorry
34%
70 Green Day American Idiot
32%
49 Harry Styles Sign Of The Times
29%
76 Daft Punk feat. Pharrell Get Lucky
28%
24 Eminem Lose Yourself
28%
3 The White Stripes Seven Nation Army
25%
32 50 Cent In Da Club
23%
50 Coldplay The Scientist
22%
86 Icona Pop I Love It
20%
65 Rihanna feat. Calvin Harris We Found Love
20%
34 The Killers Mr. Brightside
19%
26 Drake Hotline Bling
18%
61 Madonna Hung Up
17%
84 Daft Punk One More Time
17%
22 Franz Ferdinand Take Me Out
17%
29 Taylor Swift All Too Well
16%
10 The Strokes Last Nite
16%
46 Justin Timberlake Cry Me a River
14%
23 Outkast Ms. Jackson
14%
58 Jay-Z and Kanye West Niggas In Paris
14%
2 M.I.A Paper Planes
14%
7 Kanye West feat. Pusha-T Runaway
14%
81 Gwen Stefani Hollaback Girl
13%
11 Kelly Clarkson Since U Been Gone
13%
62 Katy Perry Teenage Dream
13%
44 Eminem Stan
12%
47 Childish Gambino Redbone
10%
5 Jay-Z 99 Problems
9%
59 Cardi B Bodak Yellow
9%
95 Kylie Minogue Can’t Get You Out of My Head
9%
19 Robyn Dancing On My Own
9%
36 Kanye West feat. Jamie Foxx Gold Digger
9%
41 Johnny Cash Hurt
9%
55 Azealia Banks feat. Lazy Jay 212
7%
6 Yeah Yeah Yeahs Maps
7%
13 Kendrick Lamar Alright
6%
64 Kendick Lamar DNA
6%
79 Snoop Dogg feat. Pharrell Drop It Like It’s Hot
6%
69 Frank Ocean Thinkin Bout You
6%
78 Peter Bjorn and John Young Folks
6%
72 Migos feat. Lil Uzi Vert Bad and Boujee
5%
40 U2 Beautiful Day
5%
42 MGMT Electric Feel
5%
38 Beyoncé Formation
5%
17 Missy Elliott Work It
5%
12 Missy Elliott Get Ur Freak On
4%
93 My Chemical Romance I'm Not Okay
4%
53 Grimes Oblivion
4%
21 Lady Gaga Bad Romace
3%
66 Nicki Minaj feat. 2 Chainz Beez in the Trap
3%
18 David Bowie Blackstar
3%
35 Lana del Rey Blue Jeans
3%
43 Solange Cranes in the Sky
3%
33 Radiohead Idioteque
3%
85 Original Broadway Cast of ‘Hamilton’ My Shot
3%
39 Queens of the Stone Age No One Knows
3%
96 The Black Keys Tighten Up
3%
25 Mark Ronson feat. Bruno Mars Upton Funk
3%
31 Arcade Fire Wake Up
3%
56 Radiohead Weird Fishes/ Arpeggi
3%
97 Phoenix 1901
2%
16 LCD Soundsystem All My Friends
2%
80 M.O.P Ante Up
2%
98 Alvvays Archie, Marry Me
2%
88 Vampire Weekend Hannah Hunt
2%
89 The Hives Hate to Say I Told You So
2%
94 Kanye West Jesus Walks
2%
82 The Shins New Slang
2%
60 Haim The Wire
2%
67 T.I What You Know
2%
37 Leonard Cohen You Want It Darker
2%
90 Amerie 1 Thing
1%
27 Outkast B.O.B
1%
57 The Flaming Lips Do You Realize
1%
73 The Rapture House Of Jealous Lovers
1%
99 UGK feat. Outkast Int’l Players Anthem
1%
74 The New Pornographers Letter From an Occupant
1%
77 LCD Soundsystem Losing My Edge
1%
83 Beck Lost Cause
1%
30 Bob Dylan Mississipi
1%
54 Rilo Kiley Portions for Foxes
1%
68 Eric Church Springsteen
1%
92 Parquet Courts Stoned and Starving
1%
63 Fall Out Boy Sugar, We’re Goin Down
1%
75 Miranda Lambert The House That Built Me
1%
87 Mariah Carey You Belong Together
1%
No se encontraron pruebas coincidentes
Distribución de puntuación
Porcentaje de gente con cada puntuación
Porcentaje por número respondido
Historial de tus puntuaciones
No has intentado esta prueba.